Penzión s reštauráciou - Cesta na Červený most, Bratislava

Salvato in:
Dettagli Bibliografici
Autore principale: Svoboda, Martin, 1987- (Autore)
Altri autori: Havaj, Juraj, 1939- (Relatore della tesi)
Natura: Manoscritto Libro
Lingua:slovacco
Pubblicazione: Bratislava : STU v Bratislave FA, 2010
Soggetti:
Accesso online:VAIS
Tags: Aggiungi Tag
Nessun Tag, puoi essere il primo ad aggiungerne!!

MARC

LEADER 00000ntm a22000003a 4500
001 stu218321
005 20210727071203.3
008 101203s2010----xo------------------slo-d
040 |a STU  |b slo 
041 0 |a slo 
044 |a xo 
100 1 |a Svoboda, Martin,  |d 1987-  |4 aut  |u A  |T FAD Fakulta architektúry  |X 39915  |U A  |Y 50  |7 A000039915 
242 0 0 |a Restaurant and guesthouse near the Red bridge  |y eng 
245 1 |a Penzión s reštauráciou - Cesta na Červený most, Bratislava 
260 |a Bratislava :  |b STU v Bratislave FA,  |c 2010 
650 7 |a architektúra a urbanizmus  |2 stusub 
650 7 |a Architecture and Urban Design  |2 estusub 
650 7 |a Červený most  |2 stusub 
650 7 |a penzión  |2 stusub 
650 7 |a reštaurácia  |2 stusub 
700 1 |a Havaj, Juraj,  |d 1939-  |4 ths  |u A1110  |U FAD Fakulta architektúry  |U FAD Fakulta architektúry  |T FA Ústav architektúry obytných budov  |X 4209  |U A1110  |Y 392  |7 A000004209 
856 4 |a info a plný text  |u http://is.stuba.sk/zp/portal_zp.pl?podrobnosti=5070  |u https://opac.crzp.sk/?fn=detailBiblioForm&sid=4156E77560192824B7651B96D6BB  |3 VAIS